Organizaciones (Registro nro. 2480)

Detalles MARC
000 -LEADER
fixed length control field 00982 a2200205 4500
001 - CONTROL NUMBER
control field 34652
005 - DATE AND TIME OF LATEST TRANSACTION
control field 20260407155633.0
008 - FIXED-LENGTH DATA ELEMENTS--GENERAL INFORMATION
fixed length control field 260407a1991 arg spa d
003 - CONTROL NUMBER IDENTIFIER
control field AR-UNSa-BCEJYS
040 ## - CATALOGING SOURCE
Original cataloging agency AR-UNSa-BCEJYS
Language of cataloging spa
Transcribing agency AR-UNSa-BCEJYS
080 ## - UNIVERSAL DECIMAL CLASSIFICATION NUMBER
Universal Decimal Classification number 658.012.32
Common auxiliary subdivision Formas de organización, de gestión
020 ## - INTERNATIONAL STANDARD BOOK NUMBER
International Standard Book Number 950-12-7206-0
100 1# - MAIN ENTRY--PERSONAL NAME
Personal name Ader, José Jorge
245 10 - TITLE STATEMENT
Title Organizaciones
264 #1 - PRODUCTION, PUBLICATION, DISTRIBUTION, MANUFACTURE, AND COPYRIGHT NOTICE
Place of production, publication, distribution, manufacture Buenos Aires :
Name of producer, publisher, distributor, manufacturer Paidós
Date of production, publication, distribution, manufacture, or copyright notice 1991
300 ## - PHYSICAL DESCRIPTION
Extent 534 p.
Dimensions 22 cm.
505 ## - FORMATTED CONTENTS NOTE
Formatted contents note 1. Administraciones de organizaciones.Objeto de estudio y caracterización de la disciplina - 2. Distintos abordajes en administración - 3. Dinámica administrativa. Los objetivos y el proceso decisorio - 4. Dinámica administrativa: Configuraciones estructurales - 5. Dinámica administrativa: Comunicaciones y sistemas - 6. Dinámica administrativa: Procesos administrativos - 7. Paradigmas: Hacia donde va la administración.
590 ## - LOCAL NOTE (RLIN)
Local note niveau_biblio:m niveau_hierar:0
942 ## - ADDED ENTRY ELEMENTS (KOHA)
Koha item type
Existencias
Withdrawn status Lost status Damaged status Not for loan Home library Current library Shelving location Date acquired Total checkouts Full call number Barcode Date last seen Price effective from Koha item type
        Biblioteca Prof. Eusebio Cleto del Rey Biblioteca Prof. Eusebio Cleto del Rey   07/04/2026   658.012.32 A228 L58761 07/04/2026 07/04/2026 Libro
        Biblioteca Prof. Eusebio Cleto del Rey Biblioteca Prof. Eusebio Cleto del Rey   07/04/2026   658.012.32 A228 L58907 07/04/2026 07/04/2026 Libro
        Biblioteca Prof. Eusebio Cleto del Rey Biblioteca Prof. Eusebio Cleto del Rey   07/04/2026   658.012.32 A228 L58762 07/04/2026 07/04/2026 Libro